All Linkin Park Songs - Statistics

General Stats
  • This quiz has been taken 1,104 times
  • The average score is 44 of 110
Answer Stats
Album Song % Correct
Hybrid Theory In the End
94%
Meteora Numb
92%
Hybrid Theory Papercut
83%
Hybrid Theory Crawling
81%
Hybrid Theory One Step Closer
78%
Meteora Faint
77%
Minutes to Midnight What I've Done
77%
Meteora Breaking the Habit
73%
One More Light One More Light
72%
Meteora Somewhere I Belong
71%
Minutes to Midnight Bleed It Out
67%
Minutes to Midnight Given Up
67%
Living Things Burn It Down
64%
Living Things Castle of Glass
64%
Hybrid Theory Points of Authority
63%
One More Light Heavy
62%
Meteora Figure.09
60%
A Thousand Suns New Divide
60%
Hybrid Theory Runaway
60%
Hybrid Theory With You
60%
Hybrid Theory A Place for My Head
59%
Meteora Don't Stay
58%
Meteora From the Inside
58%
Minutes to Midnight Leave Out All the Rest
58%
Meteora Lying from You
57%
Minutes to Midnight Shadow of the Day
57%
Hybrid Theory Forgotten
55%
Living Things Lost in the Echo
55%
Hybrid Theory | Songs from the Underground My December
55%
A Thousand Suns The Catalyst
55%
A Thousand Suns Waiting for the End
54%
Hybrid Theory By Myself
53%
Hybrid Theory Cure for the Itch
53%
Hybrid Theory Pushing Me Away
53%
Minutes to Midnight No More Sorrow
52%
Meteora Easier to Run
50%
Meteora Nobody's Listening
49%
Minutes to Midnight Valentine's Day
49%
A Thousand Suns Iridescent
48%
Hybrid Theory High Voltage
47%
Meteora Hit the Floor
47%
Meteora Session
47%
The Hunting Party Final Masquerade
46%
Minutes to Midnight In Pieces
44%
One More Light Battle Symphony
43%
Meteora Foreword
42%
One More Light Talking to Myself
41%
One More Light Good Goodbye
40%
Minutes to Midnight Hands Held High
40%
A Thousand Suns Burning in the Skies
39%
Living Things In My Remains
39%
One More Light Sharp Edges
39%
Minutes to Midnight Wake
39%
The Hunting Party Guilty All the Same
38%
A Thousand Suns Robot Boy
38%
A Thousand Suns Blackout
37%
Minutes to Midnight In Between
37%
A Thousand Suns The Messenger
37%
Living Things Powerless
36%
The Hunting Party Rebellion
36%
The Hunting Party War
36%
The Hunting Party Keys to the Kingdom
35%
Living Things Roads Untraveled
35%
The Hunting Party Until It's Gone
35%
One More Light Invisible
34%
Recharged A Light That Never Comes
33%
The Hunting Party A Line in the Sand
33%
One More Light Nobody Can Save Me
33%
A Thousand Suns Wretches and Kings
33%
Living Things Lies Greed Misery
32%
Living Things Victimized
32%
Living Things I'll Be Gone
31%
One More Light Sorry for Now
31%
The Hunting Party Wastelands
31%
A Thousand Suns When They Come for Me
31%
A Thousand Suns The Requiem
29%
The Hunting Party All for Nothing
28%
One More Light Halfway Right
28%
Living Things Skin to Bone
27%
A Thousand Suns Jornada Del Muerto
26%
Songs from the Underground QWERTY
26%
Hybrid Theory (20th Anniversary Edition) She Couldn't
26%
A Thousand Suns The Radiance
26%
Living Things Tinfoil
26%
Living Things Until It Breaks
25%
A Thousand Suns Wisdom, Justice, and Love
25%
A Thousand Suns Fallout
24%
Download to Donate for Haiti Not Alone
24%
The Hunting Party Mark the Graves
23%
The Hunting Party Drawbar
22%
A Thousand Suns Empty Spaces
22%
Songs from the Underground And One
21%
The Hunting Party The Summoning
20%
iTunes Festival: London 2011 Rolling in the Deep
17%
Songs from the Underground Part of Me
15%
Mall: Music from the Motion Picture White Noise
9%
Songs from the Underground Dedicated
8%
Hybrid Theory EP Hybrid Theory
8%
Songs from the Underground Announcement Service Public
5%
Songs from the Underground Sold My Soul to Yo Mama
5%
Songs from the Underground Hunger Strike
4%
Mall: Music from the Motion Picture The Last Line
4%
Mall: Music from the Motion Picture Devil's Drop
3%
Mall: Music from the Motion Picture It Goes Through
3%
Minutes to Midnight The Little Things You Give Away
3%
Single Darker Than the Light That Never Bleeds
2%
Hybrid Theory EP Celebrate Life
1%
Hybrid Theory EP Hypnotizing
1%
Hybrid Theory EP King of the Club
1%
No matching quizzes found
Score Distribution
Percent of People with Each Score
Percentile by Number Answered
Your Score History
You have not taken this quiz